00264 2200121 4500245004700000250001100047100000800058650001600066005001900082260001800101041001400119336000900133 aLAPORAN KARYA SISWAb : GURITAcSULhText aCet. 1 aSUL aKarya Siswa a20240829130754 aJakartac2024 aIndonesia atext